000 01081nam a2200313 i 4500
003 EG-GICUC
005 20260121101743.0
008 260119s1995 ua d|||fr|||| 00| 0 ara d
017 _a٩٧٥٧ / ٩٥
020 _a977-5673-07-0
040 _a EG-GICUC
_bara
_c EG-GICUC
_d EG-GICUC
_erda
041 0 _aara
082 0 4 _221
_a345.6
_bم ح . ن
092 0 4 _221
099 _aLaw1 07 345.6 م ح . ن 1995
100 0 _aمحمد ماجد خشبه
_eمؤلف.
245 1 0 _aنظم دعم القرار /
_cد. محمد ماجد خشبه.
264 1 _aالقاهرة :
_bالمنظمة العربية للتنمية الإدارية،
_c1995.
300 _a133 صفحة :
_bإيضاحيات؛
_c24 سم.
336 _2rda content
_atext
337 _2rda media
_aComputer
338 _2rda carrier
_aOnline Resource
546 _aالنص باللغة العربية
650 1 4 _aالقرارت الإدارية
650 1 4 _aالقانون الإداري
856 4 0 _uhttps://fll.law.cu.edu.eg/fulltext/bks/B07-02130.pdf
905 _a32
942 _2ddc
_cBK
_e21
_n0
999 _c57948
_d57948